DFB Präsidenten - Statistiken

Allgemein
  • Dieses Quiz wurde 130 mal gespielt
  • Das Durchschnittsergebnis liegt bei 6 aus 17
Antwortstatistiken
Amtszeit Präsident % Korrekt
2004–2012 Theo Zwanziger
63%
2012–2015 Wolfgang Niersbach
61%
1992–2001 Egidius Braun
56%
2015–2016 Reinhard Rauball / Rainer Koch
50%
2019 Reinhard Rauball / Rainer Koch
50%
2016–2019 Reinhard Grindel
49%
seit 2022 Bernd Neuendorf
47%
2019–2021 Fritz Keller
46%
2001–2006 Gerhard Mayer-Vorfelder
46%
2021–2022 Peter Peters / Rainer Koch
38%
1975–1992 Hermann Neuberger
29%
1950–1962 Peco Bauwens
16%
1962–1975 Hermann Gösmann
9%
1900–1904 Ferdinand Hueppe
7%
1925–1945 Felix Linnemann
6%
1905–1925 Gottfried Hinze
6%
1904–1905 Friedrich Wilhelm Nohe
2%
Keine übereinstimmenden Quizze gefunden
Verteilung der Resultate
Anzahl Personen mit jedem Resultat
Perzentil nach korrekt beantworteten Fragen
Ihre Resultats-Entwicklung
Sie haben dieses Quiz noch nicht gespielt